[Event "World Blitz 2025"]
[Site "Doha QAT"]
[Date "2025.12.29"]
[Round "1.1"]
[White "Materia, Marco"]
[Black "Carlsen, Magnus"]
[Result "0-1"]
[WhiteTitle "IM"]
[BlackTitle "GM"]
[WhiteElo "2497"]
[BlackElo "2840"]
[WhiteFideId "45150451"]
[BlackFideId "1503014"]
[EventDate "2025.12.29"]

1. d4 Nf6 2. c4 g6 3. Nc3 Bg7 4. e4 d6 5. Be2 Nbd7 6. Be3 e5 7. d5 Nc5 8. Qc2
Ng4 9. Bxg4 Bxg4 10. f3 Bc8 11. b4 Nd7 12. Nge2 a5 13. bxa5 O-O 14. O-O Rxa5 15.
Nc1 f5 16. Nb3 Ra6 17. c5 dxc5 18. Nxc5 Nxc5 19. Bxc5 Rf7 20. Rad1 Bd7 21. Qb3
b6 22. Be3 Bf8 23. a4 Qe8 24. Ra1 Ra5 25. exf5 gxf5 26. Rfe1 Qd8 27. Nb5 Bxb5
28. axb5 Rxa1 29. Rxa1 Bd6 30. Qc2 Qf6 31. Ra8+ Kg7 32. Qc6 f4 33. Bd2 Qg6 34.
Qc1 Qd3 35. h3 Qxd5 36. Rc8 Qxb5 37. Qe1 Qd7 38. Ra8 Qf5 39. Qh4 Be7 40. Qe1
Bc5+ 41. Kh2 Bd4 42. Qh4 Qg6 43. Be1 c5 44. Qd8 Qf6 45. Qg8+ Kh6 46. Bh4 Qg6 47.
Qe8 Rg7 48. Qxg6+ Rxg6 49. Be7 Rc6 50. Rg8 c4 51. h4 Rg6 52. Bf8+ Kh5 53. Rh8 h6
54. Be7 c3 55. Rc8 b5 56. Bb4 Kxh4 57. Bxc3 Bxc3 58. Rxc3 Rb6 59. Rc5 b4 0-1

[Event "World Blitz 2025"]
[Site "Doha QAT"]
[Date "2025.12.29"]
[Round "1.2"]
[White "Firouzja, Alireza"]
[Black "Saraci, Nderim"]
[Result "1-0"]
[WhiteTitle "GM"]
[BlackTitle "IM"]
[WhiteElo "2762"]
[BlackElo "2461"]
[WhiteFideId "12573981"]
[BlackFideId "6351921"]
[EventDate "2025.12.29"]

1. e4 c5 2. Nf3 Nc6 3. Bb5 g6 4. O-O Bg7 5. c3 Nf6 6. Re1 O-O 7. d4 d5 8. e5 Ne4
9. Be3 cxd4 10. cxd4 Qb6 11. Bxc6 bxc6 12. Qc1 f6 13. Nc3 Nxc3 14. Qxc3 a5 15.
Rac1 Bd7 16. h3 a4 17. Bf4 Ra5 18. Qa3 Qd8 19. Bd2 Rb5 20. Bb4 Re8 21. e6 Bc8
22. Rxc6 Bb7 23. Rc3 Qb6 24. Bxe7 Rxb2 25. Bc5 Qb5 26. e7 Bc8 27. Bd6 Bf5 28.
Rc5 Qb4 29. Rc8 1-0

[Event "World Blitz 2025"]
[Site "Doha QAT"]
[Date "2025.12.29"]
[Round "1.3"]
[White "Rodrigue-Lemieux, Shawn"]
[Black "Nepomniachtchi, Ian"]
[Result "0-1"]
[WhiteTitle "GM"]
[BlackTitle "GM"]
[WhiteElo "2517"]
[BlackElo "2723"]
[WhiteFideId "2620049"]
[BlackFideId "4168119"]
[EventDate "2025.12.29"]

1. c4 e5 2. g3 Nc6 3. Nc3 Nf6 4. Bg2 Bb4 5. Nd5 O-O 6. e3 Nxd5 7. cxd5 Ne7 8.
Ne2 c6 9. a3 Bd6 10. Nc3 Qa5 11. dxc6 dxc6 12. O-O Be6 13. d3 Rad8 14. Qc2 Qa6
15. Ne4 b6 16. Rd1 c5 17. b3 Bb8 18. Bb2 Qb5 19. b4 cxb4 20. axb4 Nd5 21. Qa4
Qxb4 22. Qa6 Bc8 23. Qa2 Qb5 24. Ba3 Rfe8 25. Rab1 Qd7 26. Qa1 Bb7 27. Qb2 Ba8
28. Rbc1 h6 29. h4 Qe6 30. Kh2 Qg6 31. Qb3 Kh8 32. Bb2 f5 33. Nd2 f4 34. Ne4
fxg3+ 35. Nxg3 Qg4 36. Rc4 e4 37. Rxe4 Rxe4 38. dxe4 Rf8 39. Rxd5 Bxd5 40. Qxd5
Qxh4+ 41. Kg1 Bxg3 42. fxg3 Qxg3 43. Be5 Qxe3+ 44. Kh2 Qg5 45. Qe6 Qh5+ 46. Kg1
Re8 47. Bxg7+ Kxg7 48. Qd7+ Kf8 49. Qd6+ Re7 50. Qf6+ Rf7 51. Qh8+ Ke7 52. e5
Qg5 53. Qb8 Rg7 54. Qd6+ Ke8 55. Qe6+ Kf8 56. Qc8+ Ke7 57. Qc7+ Ke6 58. Qd6+ Kf5
59. Qd3+ Kxe5 60. Qd5+ Kf6 61. Qd6+ Kf7 62. Qd7+ Kg8 63. Qe8+ Kh7 64. Qe4+ Qg6 0-1

[Event "World Blitz 2025"]
[Site "Doha QAT"]
[Date "2025.12.29"]
[Round "1.4"]
[White "Dubov, Daniil"]
[Black "Gurel, Ediz"]
[Result "1-0"]
[WhiteTitle "GM"]
[BlackTitle "GM"]
[WhiteElo "2672"]
[BlackElo "2645"]
[WhiteFideId "24126055"]
[BlackFideId "44507356"]
[EventDate "2025.12.29"]

1. Nf3 d5 2. b3 Nf6 3. Bb2 Bf5 4. d3 h6 5. Nbd2 e6 6. e4 Bh7 7. Qe2 Be7 8. exd5
exd5 9. Bxf6 gxf6 10. g3 Qd7 11. Bg2 Nc6 12. O-O O-O-O 13. a3 Bd6 14. b4 Rde8
15. Qd1 Bf5 16. Nb3 Bh3 17. c4 Bxg2 18. Kxg2 dxc4 19. dxc4 Qf5 20. c5 Be5 21. b5
Bxa1 22. bxc6 Bc3 23. cxb7+ Kb8 24. Qc1 Qd3 25. Rd1 Qc4 26. Nbd2 Qxc5 27. Nb3
Qc4 28. Nbd2 Qc5 29. Nb3 Qc4 30. Nbd4 Re4 31. Qc2 Rhe8 32. Rd3 Rxd4 33. Rxd4 Qc5
34. Rd3 Bb4 35. Qa4 Re2 36. Rd8+ Kxb7 37. Qxb4+ 1-0

[Event "World Blitz 2025"]
[Site "Doha QAT"]
[Date "2025.12.29"]
[Round "1.5"]
[White "Volokitin, Andrei"]
[Black "So, Wesley"]
[Result "1/2-1/2"]
[WhiteTitle "GM"]
[BlackTitle "GM"]
[WhiteElo "2619"]
[BlackElo "2753"]
[WhiteFideId "14107090"]
[BlackFideId "5202213"]
[EventDate "2025.12.29"]

1. e4 e5 2. Nf3 Nc6 3. Bb5 a6 4. Ba4 Nf6 5. O-O Be7 6. d3 d6 7. c3 O-O 8. Re1
Re8 9. Nbd2 Bf8 10. Nf1 h6 11. Ng3 b5 12. Bc2 Ne7 13. d4 Ng6 14. a4 Bd7 15. h3
c5 16. d5 c4 17. Be3 Nf4 18. Qd2 N6h5 19. Nxh5 Nxh5 20. Ra2 Qf6 21. Kh2 Nf4 22.
Ng1 Rab8 23. axb5 axb5 24. Ra7 Re7 25. Rea1 Bc8 26. Ra8 Reb7 27. g3 Nd3 28. Bxd3
cxd3 29. Qxd3 Qg6 30. g4 h5 31. f3 Be7 32. R1a7 Bg5 1/2-1/2

[Event "World Blitz 2025"]
[Site "Doha QAT"]
[Date "2025.12.29"]
[Round "1.6"]
[White "Aronian, Levon"]
[Black "Oro, Faustino"]
[Result "0-1"]
[WhiteTitle "GM"]
[BlackTitle "IM"]
[WhiteElo "2729"]
[BlackElo "2503"]
[WhiteFideId "13300474"]
[BlackFideId "20000197"]
[EventDate "2025.12.29"]

1. e4 c5 2. Nf3 d6 3. Bc4 Nf6 4. d3 Nc6 5. O-O e6 6. Nbd2 Be7 7. a4 O-O 8. Re1
a6 9. c3 Qc7 10. Bb3 Bd7 11. Nf1 b5 12. Ng3 Rfc8 13. h3 Rab8 14. axb5 axb5 15.
Bf4 b4 16. Bc4 Ra8 17. Rxa8 Rxa8 18. d4 bxc3 19. bxc3 cxd4 20. cxd4 Nb4 21. Qb3
Rb8 22. Rc1 Qa7 23. Qd1 Rc8 24. Bf1 Rxc1 25. Qxc1 Qb7 26. Qb2 h6 27. Bd2 d5 28.
e5 Ne4 29. Be1 Nxg3 30. fxg3 Bc6 31. g4 Bb5 32. Bxb5 Qxb5 33. Kh2 Qc4 34. Bxb4
Bxb4 35. Qf2 Bc3 36. Qe3 Bb2 37. Qd2 Bc1 38. Qf2 Qd3 39. Qa2 Bf4+ 40. Kg1 Be3+
41. Kh2 Bxd4 42. Qa8+ Kh7 43. Qf8 Qe3 44. Qxf7 Bxe5+ 45. Nxe5 Qxe5+ 46. Kh1 Qe1+
47. Kh2 Qe5+ 48. Kh1 Qe4 49. Qb7 Qd3 50. Qc6 Qf1+ 51. Kh2 Qf4+ 52. Kh1 Qe5 53.
Qc2+ Qe4 54. Qc6 Qg6 55. Qd6 Qf6 56. Kh2 d4 57. Qc6 Qf4+ 58. Kh1 e5 59. Qd5 Qe3
60. Qe6 Qc1+ 61. Kh2 Qf4+ 62. Kh1 d3 63. Qb3 e4 0-1

[Event "World Blitz 2025"]
[Site "Doha QAT"]
[Date "2025.12.29"]
[Round "1.7"]
[White "Can, Emre"]
[Black "Abdusattorov, Nodirbek"]
[Result "0-1"]
[WhiteTitle "GM"]
[BlackTitle "GM"]
[WhiteElo "2541"]
[BlackElo "2732"]
[WhiteFideId "6302181"]
[BlackFideId "14204118"]
[EventDate "2025.12.29"]

1. d4 Nf6 2. c4 e6 3. Nf3 Bb4+ 4. Nbd2 d5 5. Qa4+ Nc6 6. a3 Be7 7. g3 O-O 8. Bg2
a5 9. O-O Bd7 10. Qc2 a4 11. e4 dxe4 12. Nxe4 Nxe4 13. Qxe4 Na5 14. Qc2 Nb3 15.
Rb1 Bc6 16. Be3 Bf6 17. d5 exd5 18. cxd5 Bxd5 19. Rbd1 c6 20. h4 Qa5 21. Ng5
Bxg5 22. hxg5 Bxg2 23. Kxg2 Rad8 24. Rh1 g6 25. Qe4 Rxd1 26. Rxd1 Rd8 27. Rxd8+
Qxd8 28. Qxa4 Qd5+ 29. Kh2 Nd2 30. Qf4 Nf3+ 31. Kh3 Nxg5+ 32. Kh2 Nf3+ 33. Kh3
Ne5 34. Kh2 h5 35. Kg1 c5 36. b4 c4 37. Qf6 Ng4 38. Qf4 Nxe3 39. Qxe3 0-1

[Event "World Blitz 2025"]
[Site "Doha QAT"]
[Date "2025.12.29"]
[Round "1.9"]
[White "Lobanov, Sergei"]
[Black "Duda, Jan-Krzysztof"]
[Result "1-0"]
[WhiteTitle "GM"]
[BlackTitle "GM"]
[WhiteElo "2527"]
[BlackElo "2729"]
[WhiteFideId "24183750"]
[BlackFideId "1170546"]
[EventDate "2025.12.29"]

1. d4 Nf6 2. c4 e6 3. Nc3 Bb4 4. e3 Ne4 5. Qc2 Nxc3 6. bxc3 Be7 7. Nf3 d6 8. Bd3
h6 9. e4 Nd7 10. Bf4 b6 11. h4 Bb7 12. Qe2 Bf6 13. a4 a5 14. Be3 Nc5 15. Bf4
Nxd3+ 16. Qxd3 O-O 17. g4 e5 18. Be3 exd4 19. cxd4 Re8 20. Nd2 Bxh4 21. Ke2 Qe7
22. f3 Rab8 23. Rh3 c6 24. Rah1 Bf6 25. Bf4 Ba6 26. Qe3 b5 27. Kf2 bxc4 28. g5
Bxg5 29. Bxg5 Qe6 30. Bxh6 Rb2 31. Bxg7 f6 32. Rh8+ Kf7 33. Rxe8 Kxe8 34. Bh6
Rc2 35. Kg3 Qg8+ 36. Kf4 c3 37. Rb1 cxd2 38. Rb8+ Kd7 39. Rxg8 d1=Q 40. Qb3 Qd2+
41. Kf5 1-0

[Event "World Blitz 2025"]
[Site "Doha QAT"]
[Date "2025.12.29"]
[Round "1.10"]
[White "Erigaisi, Arjun"]
[Black "Suyarov, Mukhammadzokhid"]
[Result "1-0"]
[WhiteTitle "GM"]
[BlackTitle "IM"]
[WhiteElo "2775"]
[BlackElo "2454"]
[WhiteFideId "35009192"]
[BlackFideId "14210495"]
[EventDate "2025.12.29"]

1. d4 d5 2. Nf3 Nf6 3. Bg5 c5 4. Bxf6 gxf6 5. dxc5 e6 6. e3 Bxc5 7. Be2 Nc6 8.
O-O O-O 9. c4 dxc4 10. Qc2 b5 11. a4 Nb4 12. Qe4 Bd7 13. axb5 Bxb5 14. Nc3 Bc6
15. Qxc4 Qe7 16. Ra5 Bb6 17. Rh5 f5 18. Ne5 Bd5 19. Qf4 f6 20. Nd3 Bc7 21. Qxb4
Qf7 22. Nxd5 exd5 23. Rxf5 Rab8 24. Qd4 Kh8 25. g3 Qe6 26. Qxd5 Qe7 27. Kg2 Rfd8
28. Qf3 Rb6 29. Rc1 Bb8 30. Rc4 Rbd6 31. Rh4 R8d7 32. Nf4 1-0

[Event "World Blitz 2025"]
[Site "Doha QAT"]
[Date "2025.12.29"]
[Round "1.11"]
[White "Erdogmus, Yagiz Kaan"]
[Black "Bortnyk, Olexandr"]
[Result "0-1"]
[WhiteTitle "GM"]
[BlackTitle "GM"]
[WhiteElo "2658"]
[BlackElo "2601"]
[WhiteFideId "44599790"]
[BlackFideId "14120828"]
[EventDate "2025.12.29"]

1. e4 Nf6 2. e5 Nd5 3. c4 Nb6 4. d4 d6 5. f4 dxe5 6. fxe5 Nc6 7. Be3 Bf5 8. Nc3
e6 9. Nf3 Bb4 10. Be2 Na5 11. c5 Nd5 12. Bd2 Bxc3 13. bxc3 b6 14. c4 Ne7 15.
Bxa5 bxa5 16. O-O O-O 17. Bd3 Rb8 18. Qd2 c6 19. Rf2 a4 20. Raf1 Rb7 21. h3 Rd7
22. g4 Bxd3 23. Qxd3 Ng6 24. Qe4 Nh4 25. Nxh4 Qxh4 26. Kg2 Rc8 27. Rf4 h6 28.
R1f2 Qd8 29. Kg3 Qa5 30. Qf3 Rcc7 31. a3 Qe1 32. Kg2 Qc1 33. Qd3 Rb7 34. Qe4 Rb1
35. Rf1 Rb2+ 36. Kg3 Rb3+ 37. R1f3 Qg1+ 38. Kh4 g5+ 39. Kh5 gxf4 40. Qxc6 Rxf3
41. Qxf3 Qe3 42. Qg2 f3 0-1

[Event "World Blitz 2025"]
[Site "Doha QAT"]
[Date "2025.12.29"]
[Round "1.12"]
[White "Vachier-Lagrave, Maxime"]
[Black "Vetokhin, Savva"]
[Result "1-0"]
[WhiteTitle "GM"]
[BlackTitle "GM"]
[WhiteElo "2734"]
[BlackElo "2572"]
[WhiteFideId "623539"]
[BlackFideId "44144474"]
[EventDate "2025.12.29"]

1. e4 e5 2. Nf3 Nc6 3. Bb5 a6 4. Ba4 Nf6 5. O-O Be7 6. Re1 b5 7. Bb3 O-O 8. h3
Bb7 9. d3 d5 10. exd5 Nxd5 11. Nbd2 Nd4 12. Nxe5 c5 13. Ndf3 Nxb3 14. axb3 Bd6
15. d4 cxd4 16. Qxd4 Qc7 17. c3 Rfe8 18. Bd2 Rad8 19. Rad1 Nf6 20. Ng4 Rxe1+ 21.
Rxe1 Bh2+ 22. Ngxh2 Rxd4 23. Nxd4 h6 24. Ng4 Ne4 25. Be3 Bd5 26. b4 Kh7 27. Nh2
Nd6 28. Bf4 Qd7 29. Bxd6 Qxd6 30. Nf1 Qg6 31. Ne3 Bb7 32. Rd1 Qh5 33. Ndf5 Be4
34. Ng3 Qg6 35. Rd2 Bc6 36. Ne2 Qb1+ 37. Nd1 Be4 38. Kh2 Bc6 39. f3 Qf5 40. Kg1
Qe5 41. Kf2 Bd5 42. Ne3 Bc4 43. Nxc4 bxc4 44. Rd4 Qb5 45. h4 a5 46. bxa5 Qxa5
47. Rxc4 Qb6+ 48. Rd4 Qxb2 49. c4 Qb6 50. h5 f5 51. g4 fxg4 52. fxg4 Qf6+ 53.
Ke3 Qe5+ 54. Kd3 Qa5 55. Nc3 Qg5 56. Nd5 g6 57. hxg6+ Qxg6+ 58. Kc3 Qd6 59. Rf4
Kg7 60. Kd4 Qa3 61. c5 Qa1+ 62. Kc4 Qa2+ 63. Kd4 Qa1+ 64. Nc3 Qg1+ 65. Kc4 Qg2
66. Re4 Qg3 67. Nd5 Qg2 68. Re7+ Kf8 69. c6 Qxg4+ 70. Kc5 Qg1+ 71. Re3 Qc1+ 72.
Kd6 Qc2 73. c7 Qg6+ 74. Re6 Qg3+ 75. Kd7 Qg7+ 76. Kc6 1-0

[Event "World Blitz 2025"]
[Site "Doha QAT"]
[Date "2025.12.29"]
[Round "1.13"]
[White "Gavrilescu, David"]
[Black "Niemann, Hans Moke"]
[Result "0-1"]
[WhiteTitle "GM"]
[BlackTitle "GM"]
[WhiteElo "2542"]
[BlackElo "2725"]
[WhiteFideId "1227190"]
[BlackFideId "2093596"]
[EventDate "2025.12.29"]

1. e4 c5 2. Nf3 d6 3. Bb5+ Nd7 4. O-O a6 5. Bxd7+ Bxd7 6. c3 e6 7. d4 Rc8 8. Re1
Nf6 9. e5 dxe5 10. dxe5 Nd5 11. c4 Nb6 12. b3 Bc6 13. Qe2 Be7 14. Nc3 Qc7 15.
Ne4 Nd7 16. Bf4 O-O 17. Rad1 Bxe4 18. Qxe4 Rfd8 19. h4 Nb8 20. Ng5 g6 21. Qe3
Rxd1 22. Rxd1 Rd8 23. Rxd8+ Qxd8 24. Ne4 Bxh4 25. Nxc5 Qd1+ 26. Kh2 Nc6 27. Bg5
Bxg5 28. Qxg5 Qd4 29. Nxb7 Qxf2 30. Nd8 Nd4 31. Qf6 Qxf6 32. exf6 Kf8 33. b4 Ke8
34. Nb7 e5 35. Kg3 h5 36. a4 g5 37. b5 axb5 38. cxb5 Kd7 0-1

[Event "World Blitz 2025"]
[Site "Doha QAT"]
[Date "2025.12.29"]
[Round "1.14"]
[White "Artemiev, Vladislav"]
[Black "Daneshvar, Bardiya"]
[Result "1-0"]
[WhiteTitle "GM"]
[BlackTitle "GM"]
[WhiteElo "2641"]
[BlackElo "2600"]
[WhiteFideId "24101605"]
[BlackFideId "12576468"]
[EventDate "2025.12.29"]

1. Nf3 d5 2. b3 Nf6 3. Bb2 e6 4. c4 Be7 5. g3 O-O 6. Bg2 c5 7. cxd5 Nxd5 8. O-O
Nc6 9. d4 cxd4 10. Nxd4 Nxd4 11. Qxd4 Bf6 12. Qd2 Nf4 13. gxf4 Qxd2 14. Nxd2
Bxb2 15. Rad1 Rb8 16. Nc4 Bf6 17. Ne5 Rd8 18. Rxd8+ Bxd8 19. Rd1 Bf6 20. Rc1 Bd8
21. e3 f6 22. Nc4 Be7 23. Nd2 Kf8 24. h4 Ke8 25. h5 Kd8 26. Rd1 Bd7 27. Nc4 Kc7
28. Rc1 Kd8 29. Na5 b6 30. Nc6+ Bxc6 31. Bxc6 Bd6 32. Be4 f5 33. Bd3 Rc8 34. Rd1
Ke7 35. Bc4 g6 36. Kg2 Rg8 37. hxg6 hxg6 38. Rh1 g5 39. Rh7+ Kf6 40. fxg5+ Rxg5+
41. Kf3 a5 42. Rb7 Bc5 43. Rc7 Rg7 44. Rc6 Re7 45. Ke2 f4 46. exf4 Re8 47. Kf3
Re7 48. Ke4 Kg7 49. Bxe6 Kf6 50. f5 Bxf2 51. Rc8 Rh7 52. Kd5 Bc5 53. Rg8 Rh2 54.
Rg6+ Ke7 55. f6+ Kd8 56. Rg8+ Kc7 57. Rc8+ Kb7 58. Rxc5 bxc5 59. f7 Rf2 60. Ke5
a4 61. Bf5 1-0

[Event "World Blitz 2025"]
[Site "Doha QAT"]
[Date "2025.12.29"]
[Round "1.15"]
[White "Hong, Andrew"]
[Black "Bu, Xiangzhi"]
[Result "0-1"]
[WhiteTitle "GM"]
[BlackTitle "GM"]
[WhiteElo "2568"]
[BlackElo "2665"]
[WhiteFideId "2099438"]
[BlackFideId "8601445"]
[EventDate "2025.12.29"]

1. e4 e5 2. Nf3 d6 3. d4 exd4 4. Nxd4 Nf6 5. Nc3 Be7 6. Bf4 O-O 7. Qd2 Nc6 8.
O-O-O Nxd4 9. Qxd4 Be6 10. f3 Nd7 11. Kb1 a6 12. Nd5 Bf6 13. Nxf6+ Qxf6 14. Qd2
Qe7 15. h4 Ne5 16. h5 h6 17. Be2 f6 18. g4 Rad8 19. Qc3 Rfe8 20. Rhg1 Bf7 21.
Be3 d5 22. f4 Nc6 23. g5 fxg5 24. fxg5 d4 25. Bxd4 Rxd4 26. gxh6 Rxd1+ 27. Bxd1
Qe5 28. Rxg7+ Kf8 29. Qf3 Re7 30. Rg4 Qxh5 0-1

[Event "World Blitz 2025"]
[Site "Doha QAT"]
[Date "2025.12.29"]
[Round "1.16"]
[White "Andreikin, Dmitry"]
[Black "Tin, Jingyao"]
[Result "0-1"]
[WhiteTitle "GM"]
[BlackTitle "GM"]
[WhiteElo "2710"]
[BlackElo "2584"]
[WhiteFideId "4158814"]
[BlackFideId "5804418"]
[EventDate "2025.12.29"]

1. c4 c6 2. Nf3 d5 3. e3 Nf6 4. Nc3 e6 5. b3 Nbd7 6. Bb2 Bd6 7. Be2 O-O 8. O-O
Re8 9. d4 b6 10. Qc2 Bb7 11. e4 dxe4 12. Nxe4 Nxe4 13. Qxe4 Qe7 14. Rad1 Nf8 15.
Qg4 f6 16. Bd3 c5 17. Rfe1 Qf7 18. Bc2 Rad8 19. h4 h5 20. Qh3 cxd4 21. Nxd4 Bb4
22. Rf1 Bc5 23. Qg3 Rd7 24. Ne2 Red8 25. Nf4 Bd6 26. Qe3 Bxf4 27. Qxf4 e5 28.
Qf5 Rxd1 29. Rxd1 Rxd1+ 30. Bxd1 g6 31. Qd3 Qd7 32. Qxd7 Nxd7 33. Bc2 Kf7 34. f3
Nc5 35. Kf2 Ne6 36. Ke3 Nf4 37. g3 Ne6 38. b4 Nd4 39. Bxd4 exd4+ 40. Kxd4 Bxf3
41. c5 bxc5+ 42. bxc5 g5 43. Be4 Bd1 44. Kd5 Ke7 45. Kc6 Bg4 46. Kb7 gxh4 47.
gxh4 f5 48. Bd3 f4 49. c6 Bf3 50. Kc7 Bd5 51. Bg6 f3 52. Bxh5 f2 53. Be2 Bxa2
54. Kb7 Bd5 55. Kxa7 Bxc6 56. Kb6 Bf3 57. Bf1 Kd6 58. Bc4 Bg4 59. Kb5 Ke5 60.
Kc5 Ke4 61. Bf1 Ke3 62. Kd6 Be2 63. Bh3 Kf4 64. h5 Bxh5 65. Kd5 Be2 66. Kd4 Kg3
67. Ke3 Bc4 68. Kd4 0-1

[Event "World Blitz 2025"]
[Site "Doha QAT"]
[Date "2025.12.29"]
[Round "1.17"]
[White "Samunenkov, Ihor"]
[Black "Sevian, Samuel"]
[Result "1-0"]
[WhiteTitle "GM"]
[BlackTitle "GM"]
[WhiteElo "2584"]
[BlackElo "2688"]
[WhiteFideId "14187086"]
[BlackFideId "2040506"]
[EventDate "2025.12.29"]

1. e4 e6 2. d4 d5 3. Nd2 h6 4. c3 Nf6 5. e5 Nfd7 6. Bd3 c5 7. Ne2 Nc6 8. O-O Qb6
9. Nf3 a5 10. a4 Be7 11. h3 cxd4 12. cxd4 Nb4 13. Bb1 Nb8 14. Nf4 g6 15. Be3 Bd7
16. Qd2 N8c6 17. Rc1 O-O-O 18. Ne2 g5 19. Ng3 Kb8 20. Bd3 Nxd3 21. Qxd3 Nb4 22.
Qd2 Rc8 23. b3 Ka7 24. Nh2 Na6 25. Qd1 Rc6 26. Ng4 h5 27. Nf6 Bxf6 28. exf6 h4
29. Nf1 Rg8 30. Nh2 Nb4 31. Ng4 Rxc1 32. Rxc1 Nc6 33. Ne5 Be8 34. Rc5 Kb8 35.
Rb5 Qc7 36. Rc5 Qd6 37. Qa1 Nxe5 38. dxe5 Qa6 39. Qc3 Bc6 40. Rxa5 Qe2 41. Qc5
Kc7 42. Qd6+ Kc8 43. Ra8# 1-0

[Event "World Blitz 2025"]
[Site "Doha QAT"]
[Date "2025.12.29"]
[Round "1.18"]
[White "Sarana, Alexey"]
[Black "Ganguly, Surya Shekhar"]
[Result "0-1"]
[WhiteTitle "GM"]
[BlackTitle "GM"]
[WhiteElo "2673"]
[BlackElo "2568"]
[WhiteFideId "24133795"]
[BlackFideId "5002150"]
[EventDate "2025.12.29"]

1. d4 d5 2. c4 dxc4 3. Nf3 Nf6 4. e3 e6 5. Bxc4 c5 6. O-O Be7 7. Qe2 cxd4 8.
exd4 O-O 9. Nc3 Nc6 10. Rd1 Bd7 11. Bg5 Rc8 12. Rac1 Nb4 13. Ne5 h6 14. Bxf6
Bxf6 15. Ne4 Bc6 16. a3 Nd5 17. Nxc6 Rxc6 18. Bxd5 Rxc1 19. Rxc1 Qxd5 20. Nxf6+
gxf6 21. Qe3 Rd8 22. Rd1 Kh7 23. Qd3+ f5 24. g3 Rc8 25. Qe2 Rc4 26. Qd3 a6 27.
h3 Kg7 28. Kh2 a5 29. g4 f4 30. h4 a4 31. Rd2 Rc1 32. f3 Re1 33. Kg2 Re3 34. Qf1
Qd8 35. Qf2 Qd5 36. Qf1 b6 37. Qd1 Qd8 38. Qh1 Rxf3 39. Qe1 Rg3+ 40. Kf1 Qxh4
41. Qe5+ f6 42. Qc7+ Kg6 43. Qc2+ Kg7 44. Qc7+ Kg6 45. Qc2+ Kg5 46. Rf2 Qxg4 47.
Ke1 Rg1+ 48. Kd2 Rg2 49. Kc1 Rxf2 50. Qxf2 Qg3 51. Qc2 f3 52. Qxa4 Qe1+ 53. Kc2
Qe2+ 54. Kc3 f2 55. Qe8 Qe3+ 0-1

[Event "World Blitz 2025"]
[Site "Doha QAT"]
[Date "2025.12.29"]
[Round "1.19"]
[White "Sahidi, Samir"]
[Black "Yu, Yangyi"]
[Result "1/2-1/2"]
[WhiteTitle "IM"]
[BlackTitle "GM"]
[WhiteElo "2516"]
[BlackElo "2717"]
[WhiteFideId "14936372"]
[BlackFideId "8603820"]
[EventDate "2025.12.29"]

1. e4 e5 2. Nf3 Nc6 3. Bb5 a6 4. Ba4 Nf6 5. d3 d6 6. c3 g6 7. O-O Bg7 8. Re1 O-O
9. Nbd2 h6 10. Nf1 b5 11. Bc2 a5 12. a3 a4 13. d4 exd4 14. cxd4 Bg4 15. Be3 Nd7
16. Qd2 Bxf3 17. gxf3 Nb6 18. f4 Nc4 19. Qc3 Qh4 20. Ng3 h5 21. Bd3 N6a5 22.
Bxc4 Nxc4 23. Qc2 c5 24. dxc5 dxc5 25. e5 Qg4 26. Qe2 Rfd8 27. Qxg4 hxg4 28. Re2
Nxe3 29. fxe3 c4 30. Ne4 Rd3 31. Kf2 Rad8 32. Kg3 R8d4 33. Nc5 Rd2 34. Rae1 Rxe2
35. Rxe2 Rd1 36. Kxg4 c3 37. bxc3 Bf8 38. Ne4 Bxa3 39. Ra2 Be7 40. c4 a3 41.
cxb5 Rd3 42. Kf3 Rb3 43. Nd6 f5 44. b6 Bxd6 45. exd6 Rxb6 46. Rxa3 Rxd6 47. Ra7
Rd1 48. h4 Rh1 49. Kg3 Rg1+ 50. Kh2 Re1 51. Re7 Kf8 52. Re5 Kg7 53. Kg2 Kf6 54.
Kf2 Rh1 55. Kg3 Rg1+ 56. Kh2 Re1 57. Kg2 Re2+ 58. Kf3 Rh2 59. Kg3 Re2 60. Re8
Kf7 61. Re5 Kf6 62. Re8 1/2-1/2

[Event "World Blitz 2025"]
[Site "Doha QAT"]
[Date "2025.12.29"]
[Round "1.20"]
[White "Praggnanandhaa, R"]
[Black "Halkias, Stelios"]
[Result "1-0"]
[WhiteTitle "GM"]
[BlackTitle "GM"]
[WhiteElo "2761"]
[BlackElo "2503"]
[WhiteFideId "25059530"]
[BlackFideId "4201809"]
[EventDate "2025.12.29"]

1. e4 c5 2. Nf3 d6 3. d4 cxd4 4. Nxd4 Nf6 5. Nc3 a6 6. Bd3 Nc6 7. Nxc6 bxc6 8.
O-O g6 9. b3 Bg7 10. Bb2 O-O 11. Na4 c5 12. Qe2 e5 13. Rad1 Qc7 14. Bc4 Nh5 15.
Nc3 Nf4 16. Qf3 Bb7 17. Bc1 Ne6 18. Nd5 Qd8 19. Qd3 Re8 20. Be3 Kh8 21. Rd2 Qh4
22. Rfd1 Nf4 23. Qf1 Nxd5 24. Bxd5 Bxd5 25. Rxd5 Qxe4 26. c4 Bf8 27. R5d2 Re6
28. Re2 Qf5 29. Bd2 Rae8 30. Bc3 Kg8 31. Rd5 Qf4 32. Qd1 h5 33. Bd2 Qf5 34. Ba5
Be7 35. Bc7 h4 36. h3 Qh5 37. Red2 Qf5 38. Bxd6 Bxd6 39. Rxd6 e4 40. Rxe6 Rxe6
41. Rd5 Qf4 42. Qg4 Qc1+ 43. Kh2 e3 44. Rd8+ Kg7 45. Qxh4 Rf6 46. Qh8# 1-0

[Event "World Blitz 2025"]
[Site "Doha QAT"]
[Date "2025.12.29"]
[Round "1.21"]
[White "Maksimovic, Bojan"]
[Black "Giri, Anish"]
[Result "0-1"]
[WhiteTitle "GM"]
[BlackTitle "GM"]
[WhiteElo "2533"]
[BlackElo "2760"]
[WhiteFideId "14408120"]
[BlackFideId "24116068"]
[EventDate "2025.12.29"]

1. d4 d5 2. Nf3 e6 3. e3 Nf6 4. Bd3 Be7 5. O-O O-O 6. b3 b6 7. Bb2 Bb7 8. Qe2
Nbd7 9. Ne5 Nxe5 10. dxe5 Nd7 11. c4 Nc5 12. Bc2 dxc4 13. bxc4 Be4 14. Rd1 Qe8
15. Nc3 Bxc2 16. Qxc2 Qc6 17. Nb5 a6 18. Nd4 Qa4 19. Qe2 Rad8 20. h3 Nb7 21. Rd2
c5 22. Nf3 Rxd2 23. Qxd2 Na5 24. Rd1 Nxc4 0-1

[Event "World Blitz 2025"]
[Site "Doha QAT"]
[Date "2025.12.29"]
[Round "1.22"]
[White "Martinez Alcantara, Jose Eduardo"]
[Black "Mendonca, Leon Luke"]
[Result "1/2-1/2"]
[WhiteTitle "GM"]
[BlackTitle "GM"]
[WhiteElo "2667"]
[BlackElo "2615"]
[WhiteFideId "3805662"]
[BlackFideId "35028561"]
[EventDate "2025.12.29"]

1. b3 Nf6 2. Bb2 b6 3. Nf3 Bb7 4. c4 g6 5. g3 Bg7 6. Bg2 O-O 7. O-O e6 8. d4 Qe7
9. e3 c5 10. dxc5 bxc5 11. Nc3 Rd8 12. Rc1 Nc6 13. Qe2 d6 14. Rfd1 Rab8 15. Rd2
Ba8 16. Rcd1 Ne8 17. Na4 Bxb2 18. Rxb2 Nb4 19. Rbd2 Bc6 20. Nc3 a5 21. Ne1 Bxg2
22. Nxg2 Nf6 23. Nf4 Rd7 24. Qf3 e5 25. Nfe2 e4 26. Qg2 Qe5 27. h3 h5 28. Kh1
Kg7 29. Na4 Nd3 30. Nec3 Nb4 31. Kg1 Rbd8 32. a3 Nc6 33. Nd5 Nxd5 34. Rxd5 Qe6
35. h4 Ne7 36. R5d2 Ng8 37. Nc3 Nf6 38. a4 Rb7 39. Nb5 Rbd7 40. Nc3 Rb7 41. Rb1
Rbd7 42. Qf1 Qe5 43. Rc1 Rb7 44. Nb5 Rbd7 45. Nc3 Rb7 46. Qd1 Rbd7 47. Qc2 Qf5
48. Nd5 Ng4 49. Rf1 Qe5 50. Qc3 Qxc3 51. Nxc3 f5 52. Rfd1 Kf6 53. Nd5+ Ke6 54.
Nf4+ Kf7 55. Nd5 Ke6 56. Nc3 Ne5 57. Kg2 Nf3 58. Rc2 Ne5 59. Rcc1 Rb7 60. Nb5
Rbd7 61. Rc2 Nd3 62. Rcd2 Ne5 63. Kf1 Nf3 64. Rc2 Ne5 65. Ke2 Nc6 66. Rcd2 Ne5
67. Rd5 Nc6 68. Kf1 Nb4 69. R5d2 Nc6 70. Kg2 Ne5 71. Rd5 Nf3 72. Kf1 Ne5 73. Rb1
Nd3 74. Ke2 Nb4 75. Rd2 Nc6 76. Nc3 Ne5 77. Nd5 Rb7 78. Nc3 Rbd7 79. Rdd1 Rb7
80. Nb5 Rbd7 81. Ra1 Nf3 82. Ra2 Ne5 83. Rad2 Nf3 84. Rd5 Ne5 1/2-1/2